Newspaper cuttings

Guardat en:
Dades bibliogràfiques
Autor corporatiu: Diario La Unión de Valparaíso (Autor)
Format: Llibre
Idioma:espanyol
Publicat: Valparaíso Imprenta La Unión 1908
Edició:1a. ed
Matèries:
Etiquetes: Afegir etiqueta
Sense etiquetes, Sigues el primer a etiquetar aquest registre!

MARC

LEADER 00000nam a2200000 a 4500
001 UCJ4458
003 CL-VaPUC
008 070124e19080200CL |||||||||||||||||spa|d
082 0 4 |a 923  |b FAB  |2 21 
110 2 |a Diario La Unión de Valparaíso  |e author  |9 508189 
245 1 0 |a Newspaper cuttings 
250 |a 1a. ed 
651 0 |a Valparaíso, Chile  |9 261144 
942 |c BK 
945 |d 20070124 00:00:00  |a rinostro 
260 |a Valparaíso  |b Imprenta La Unión  |c 1908 
500 |a Album con recortes de prensa 
600 0 7 |a FABRES, JOSE CLEMENTE  |2 CL-VaPUC  |9 508190 
600 0 7 |a PRAT CARVAJAL, ARTURO  |2 CL-VaPUC  |9 508191 
600 0 7 |a FABRES VALDIVIESO, HERNAN  |2 CL-VaPUC  |9 508192 
650 7 |a NECROLOGIA  |2 CL-VaPUC  |9 504408 
583 |a last modification  |c 20070124 00:00:00  |k Rodrigo Vera 
999 |c 320574  |d 320572 
952 |0 0  |1 0  |4 0  |6 923_000000000000000_FAB_1908  |7 0  |8 X  |9 399120  |a FDOBUD  |b FDOBUD  |d 2019-11-22  |i 1018337  |o 923 FAB 1908  |p 1018337  |r 2019-11-22  |w 2019-11-22  |y BK_X  |k BUD